French cities with a metro and/or a tram - Statistics

General Stats
  • This quiz has been taken 144 times
  • The average score is 22 of 29
Answers on the Map
Answers color-coded by a green-red scale on the quiz's map according to % correct below.
 
Answer Stats
Cities % Correct
Paris
100%
Lyon
98%
Lille
97%
Marseille
97%
Nice
97%
Toulouse
96%
Bordeaux
94%
Strasbourg
93%
Nantes
90%
Montpellier
89%
Rennes
85%
Brest
84%
Rouen
77%
Grenoble
76%
Orléans
76%
Reims
76%
Dijon
75%
Caen
74%
Le Havre
72%
Tours
72%
Saint-Étienne
68%
Angers
66%
Clermont-Ferrand
65%
Avignon
60%
Le Mans
57%
Besançon
54%
Mulhouse
48%
Valenciennes
29%
Aubagne
21%
No matching quizzes found
Score Distribution
Percent of People with Each Score
Percentile by Number Answered
Your Score History
You have not taken this quiz